Comuni della Città Metropolitana di Venezia in Ordine Alfabetico - Statistics

Statistiche generali
  • Questo quiz è stato fatto 22 volte
  • Il punteggio medio è 29 su 44
Statistiche sulle risposte
Iniziale Comune % Corretto
D Dolo
90%
M Mira
90%
M Mirano
90%
V Venezia
90%
C Caorle
80%
C Chioggia
80%
J Jesolo
80%
P Portogruaro
80%
S San Donà di Piave
80%
C Cavallino-Treporti
70%
C Cavarzere
70%
E Eraclea
70%
F Fossalta di Portogruaro
70%
M Martellago
70%
M Meolo
70%
M Musile di Piave
70%
N Noale
70%
N Noventa di Piave
70%
P Pianiga
70%
Q Quarto d'Altino
70%
S San Michele al Tagliamento
70%
T Torre di Mosto
70%
A Annone Veneto
60%
C Campagna Lupia
60%
C Ceggia
60%
F Fiesso d'Artico
60%
F Fossalta di Piave
60%
F Fossò
60%
G Gruaro
60%
M Marcon
60%
S Salzano
60%
S San Stino di Livenza
60%
S Spinea
60%
S Stra
60%
V Vigonovo
60%
C Campolongo Maggiore
50%
C Camponogara
50%
C Cona
50%
C Concordia Sagittaria
50%
P Pramaggiore
50%
S Santa Maria di Sala
50%
S Scorzè
50%
T Teglio Veneto
50%
C Cinto Caomaggiore
40%
Nessun quiz corrispondente trovato
Distribuzione punteggi
Percentuale di utenti per punteggio
Percentile per numero di risposta
I tuoi punteggi nel tempo
Non hai fatto questo quiz